| 000 | 01189cam a22003375i 4500 | ||
|---|---|---|---|
| 001 | 016828214 | ||
| 003 | EG-ScBUE | ||
| 005 | 20250707093926.0 | ||
| 008 | 150212t2015 enka f bd 001 0 eng d | ||
| 020 | _a9781292057712 (paperback) | ||
| 020 | _a1292057718 (paperback) | ||
| 040 |
_aEG-ScBUE _beng _erda _cEG-ScBUE _dEG-ScBUE |
||
| 082 | 0 | 4 |
_a540 _bCHE _222 |
| 245 | 0 | 0 |
_aChemistry : _bthe central science / _cTheodore L. Brown, University of Illinois at Urbana-Champaign, [and five others] |
| 250 | _aThirteenth edition. | ||
| 250 | _aGlobal edition. | ||
| 264 | 1 |
_aHarlow : _bPearson Education Limited, _c[2015] |
|
| 264 | 4 | _cc2015 | |
| 300 |
_a1 volume (various pagings) _billustrations (some color) ; _c28 cm |
||
| 336 |
_2rdacontent _atext _btxt |
||
| 337 |
_aunmediated _2rdamedia _bn |
||
| 338 |
_avolume _bnc _2rdacarrier |
||
| 500 | _aIncludes glossary. | ||
| 500 | _aIncludes student access code inside. | ||
| 504 | _aIncludes bibliographical references and index. | ||
| 650 | 7 |
_aChemistry. _2BUEsh _94328 |
|
| 653 |
_bPPhrm _cSeptember2015 |
||
| 655 |
_vReading book _934232 |
||
| 700 | 1 |
_aBrown, Theodore L. _q(Theodore Lawrence), _d1928- _eauthor. |
|
| 942 |
_2ddc _cBB |
||
| 999 |
_c20868 _d20840 |
||